[Event "Eurasian Blitz Chess Cup"]
[Site "Almaty KAZ"]
[Date "2016.06.18"]
[EventDate "2016.06.18"]
[Round "12.6"]
[Result "1-0"]
[White "Farrukh Amonatov"]
[Black "Dmitry Andreikin"]
[WhiteElo "2614"]
[BlackElo "2743"]
[PlyCount "130"]

1. e4 g6 2. d4 Bg7 3. Nf3 d6 4. Bc4 Nf6 5. Qe2 O-O 6. e5 dxe5
7. dxe5 Nd5 8. h3 Nb6 9. Bb3 Nc6 10. O-O Nd4 11. Nxd4 Qxd4
12. Re1 Bf5 13. Nd2 Rad8 14. Nf3 Qc5 15. Be3 Qa5 16. Bg5 Rde8
17. Rad1 h6 18. Bd2 Qc5 19. Be3 Qa5 20. Bf4 Kh7 21. Nd4 Bd7
22. e6 fxe6 23. Bxc7 Qc5 24. Be5 Bf6 25. c3 Nd5 26. Bc2 Rg8
27. Qe4 Ref8 28. Bg3 Qb6 29. Bb3 Rd8 30. Nxe6 Bxe6 31. Qxe6
Qxe6 32. Rxe6 Nb6 33. Ree1 Rgf8 34. Bc7 Rc8 35. Be5 Rfe8
36. Rd4 Kg7 37. f4 Rcd8 38. Bxf6+ exf6 39. Rde4 Rxe4 40. Rxe4
Rd7 41. Kf2 g5 42. Ke3 a5 43. a3 h5 44. Re6 Nc8 45. fxg5 fxg5
46. Bc2 Ne7 47. Be4 h4 48. Rb6 Rd1 49. Rxb7 Kf6 50. Rb6+ Kg7
51. Rb5 Kf6 52. Rxa5 Re1+ 53. Kd3 Rd1+ 54. Kc4 Re1 55. Bf3 Nf5
56. b4 Nd6+ 57. Kb3 Nf7 58. Ra6+ Kf5 59. Bg4+ Ke4 60. Re6+ Ne5
61. a4 Kf4 62. a5 Rb1+ 63. Ka2 Rc1 64. a6 Rxc3 65. a7 Nxg4 1-0

[Event "Eurasian Blitz Chess Cup"]
[Site "Almaty KAZ"]
[Date "2016.06.18"]
[EventDate "2016.06.18"]
[Round "13.15"]
[Result "0-1"]
[White "Dmitry Andreikin"]
[Black "Susanto Megaranto"]
[WhiteElo "2743"]
[BlackElo "2535"]
[PlyCount "80"]

1. d4 Nf6 2. Bg5 Ne4 3. Bf4 d5 4. e3 c5 5. Bd3 Nf6 6. c3 Nc6
7. Nd2 Bg4 8. Qa4 Bd7 9. Qd1 Bg4 10. Ngf3 e6 11. Qa4 Nd7
12. Bb5 Qb6 13. c4 Bxf3 14. Nxf3 a6 15. Rc1 Rc8 16. Bxc6 Qxc6
17. Qxc6 bxc6 18. Ke2 Be7 19. dxc5 Nxc5 20. cxd5 exd5 21. Nd4
Kd7 22. Nf5 Ne6 23. Be5 f6 24. Bg3 g6 25. Nxe7 Kxe7 26. Rc3 c5
27. Rb3 Rhd8 28. Rb6 Ra8 29. Rc1 Rd7 30. f3 a5 31. a4 Raa7
32. Rc3 c4 33. e4 dxe4 34. Rxc4 exf3+ 35. gxf3 Nd4+ 36. Kf2
Nf5 37. Rcc6 Rd2+ 38. Ke1 Rad7 39. Rxf6 Rd1+ 40. Ke2 R7d2# 0-1

[Event "Eurasian Blitz Chess Cup"]
[Site "Almaty KAZ"]
[Date "2016.06.18"]
[EventDate "2016.06.18"]
[Round "14.15"]
[Result "1-0"]
[White "Susanto Megaranto"]
[Black "Dmitry Andreikin"]
[WhiteElo "2535"]
[BlackElo "2743"]
[PlyCount "113"]

1. d4 g6 2. Nf3 Bg7 3. Bg5 c5 4. c3 Nf6 5. e3 O-O 6. Nbd2 b6
7. a4 Bb7 8. Be2 d6 9. O-O a6 10. Ne1 Nbd7 11. Bf3 d5 12. Nd3
h6 13. Bxf6 Bxf6 14. a5 cxd4 15. exd4 e6 16. Re1 Be7 17. g3
Bd6 18. axb6 Qxb6 19. Ra2 Qc7 20. Nf1 a5 21. Qd2 Ba6 22. Ne3
Rfb8 23. Rea1 Bb5 24. Be2 Nf6 25. Ne1 Ne4 26. Qc2 Be8 27. Bd3
Nf6 28. Qd2 h5 29. Nf3 a4 30. Bc2 a3 31. b4 Ne4 32. Bxe4 dxe4
33. Ng5 Bc6 34. Rxa3 Rxa3 35. Rxa3 Qe7 36. h4 f6 37. Nh3 Bb5
38. Qa2 Rb7 39. c4 Bxb4 40. Ra8+ Be8 41. c5 Kg7 42. Nf4 Bf7
43. Qa6 Rd7 44. c6 Rxd4 45. Ra7 Qe8 46. c7 Rd7 47. c8=Q Rxa7
48. Qxe8 Rxa6 49. Qd7 e5 50. Nfd5 Bc5 51. Kg2 f5 52. Qc7 Bd4
53. Ne7 Ra7 54. Qd6 Kh7 55. N3d5 Kg7 56. Qf6+ Kf8 57. Qh8+ 1-0

[Event "Eurasian Blitz Chess Cup"]
[Site "Almaty KAZ"]
[Date "2016.06.19"]
[EventDate "2016.06.18"]
[Round "19.20"]
[Result "0-1"]
[White "Jahongir Vakhidov"]
[Black "Dmitry Andreikin"]
[WhiteElo "2578"]
[BlackElo "2743"]
[PlyCount "55"]

1. c4 e5 2. Nc3 Nc6 3. Nf3 g6 4. d4 exd4 5. Nxd4 Bg7 6. Nxc6
bxc6 7. e4 d6 8. Be2 c5 9. Nd5 Be6 10. h4 Nf6 11. Nf4 Bd7
12. h5 O-O 13. hxg6 fxg6 14. f3 Rb8 15. Rb1 Qe7 16. b3 Bc6
17. O-O Qe5 18. Nd3 Qd4+ 19. Rf2 Nxe4 20. fxe4 Bxe4 21. Bb2
Qe3 22. Bxg7 Rxf2 23. Nxf2 Bxb1 24. Bb2 Re8 25. Qxb1 Qxe2
26. Nd3 Qe3+ 27. Kh1 Re4 28. Qe1 0-1

[Event "Eurasian Blitz Chess Cup"]
[Site "Almaty KAZ"]
[Date "2016.06.19"]
[EventDate "2016.06.18"]
[Round "20.20"]
[Result "0-1"]
[White "Dmitry Andreikin"]
[Black "Jahongir Vakhidov"]
[WhiteElo "2743"]
[BlackElo "2578"]
[PlyCount "68"]

1. e4 d5 2. exd5 Qxd5 3. Nf3 g6 4. d4 Bg7 5. Be2 Nh6 6. c4 Qd8
7. Nc3 Nf5 8. d5 c6 9. O-O cxd5 10. cxd5 O-O 11. Bf4 a6
12. Qd2 b5 13. Rad1 Bb7 14. Bd3 b4 15. Na4 Qa5 16. b3 Nd6
17. Rfe1 Bxd5 18. Rxe7 Bxf3 19. gxf3 Nc6 20. Bxd6 Nxe7
21. Bxe7 Rfe8 22. Bxb4 Qh5 23. Be4 Be5 24. Kf1 Qxh2 25. Ke2 f5
26. Qd5+ Kh8 27. Qxa8 Rxa8 28. Bxa8 Qh4 29. Bc5 Qf6 30. Rd7 h5
31. Nb6 Ba1 32. Nc4 Qe6+ 33. Ne3 Qxd7 34. f4 Qb5+ 0-1

[Event "Eurasian Blitz Chess Cup"]
[Site "Almaty KAZ"]
[Date "2016.06.19"]
[EventDate "2016.06.18"]
[Round "21.21"]
[Result "0-1"]
[White "Jaan Yukhanovich Ehlvest"]
[Black "Dmitry Andreikin"]
[WhiteElo "2524"]
[BlackElo "2743"]
[PlyCount "132"]

1. Nf3 b5 2. e4 Bb7 3. Bxb5 Bxe4 4. c4 Nf6 5. Nc3 Bb7 6. O-O
e6 7. d4 Be7 8. Re1 O-O 9. a3 Bxf3 10. Qxf3 c6 11. Ba4 d5
12. Qe2 Qc7 13. Bg5 h6 14. Bh4 Qb7 15. Rab1 Nbd7 16. Bc2 dxc4
17. Qxc4 Rfd8 18. Rxe6 fxe6 19. Qxe6+ Kh8 20. Qxe7 Re8 21. Qb4
Qxb4 22. axb4 Rab8 23. Bg6 Rf8 24. Bg3 Rxb4 25. Bd6 Rxd4
26. Bxf8 Nxf8 27. Bf7 g5 28. b3 Kg7 29. Bc4 Ng6 30. Ra1 Rd7
31. h3 Ne5 32. Be2 Nd5 33. Nxd5 cxd5 34. Bb5 Rb7 35. Ba4 d4
36. Rd1 d3 37. g3 Rb4 38. Kf1 Kf6 39. Ke1 Re4+ 40. Kf1 h5
41. Bb5 Rd4 42. Ra1 g4 43. hxg4 hxg4 44. Ra4 Rd5 45. Bxd3 Rxd3
46. Rxa7 Rxb3 47. Ra4 Kf5 48. Rf4+ Kg5 49. Re4 Nf3 50. Kg2 Kh5
51. Rf4 Ng5 52. Rf5 Kg6 53. Rf4 Kh5 54. Rf5 Rb4 55. Rf4 Rb5
56. Rf6 Nf3 57. Rf4 Kg5 58. Rf8 Ne5 59. Rg8+ Ng6 60. Rd8 Rf5
61. Rd4 Ne5 62. Rd2 Rf3 63. Rd5 Kf5 64. Rd4 Nd3 65. Rd8 Rxf2+
66. Kg1 Rf3 0-1

[Event "Eurasian Blitz Chess Cup"]
[Site "Almaty KAZ"]
[Date "2016.06.19"]
[EventDate "2016.06.18"]
[Round "22.21"]
[Result "1-0"]
[White "Dmitry Andreikin"]
[Black "Jaan Yukhanovich Ehlvest"]
[WhiteElo "2743"]
[BlackElo "2524"]
[PlyCount "51"]

1. Nc3 g6 2. e4 Bg7 3. d4 d6 4. f4 Nf6 5. Bd3 O-O 6. Nf3 Na6
7. O-O c5 8. d5 Rb8 9. Kh1 b6 10. a3 Nc7 11. Qe1 b5 12. Qh4 a5
13. f5 c4 14. Be2 b4 15. axb4 axb4 16. Nd1 gxf5 17. Bh6 Nxe4
18. Ng5 e5 19. Bxg7 Qxg5 20. Qxg5 Nxg5 21. Bxf8 Kxf8 22. Ne3
f4 23. Nxc4 Ba6 24. Rfe1 Bxc4 25. Bxc4 Rb7 26. h4 1-0

[Event "Abu Dhabi Masters"]
[Site "Abu Dhabi UAE"]
[Date "2016.08.21"]
[EventDate "2016.08.21"]
[Round "1.1"]
[Result "1-0"]
[White "Dmitry Andreikin"]
[Black "Tania Sachdev"]
[WhiteElo "2733"]
[BlackElo "2396"]
[PlyCount "43"]

1. d4 Nf6 2. Bg5 d5 3. e3 c5 4. c3 Nc6 5. Nd2 e6 6. Bd3 b6
7. f4 Be7 8. Ngf3 Bb7 9. Ne5 O-O 10. O-O h6 11. Bxf6 Bxf6
12. Qg4 Be7 13. Ndf3 f5 14. Qh3 Nxe5 15. Nxe5 Bd6 16. Nf3 Qf6
17. Kh1 a5 18. Rg1 Ba6 19. Bxa6 Rxa6 20. g4 fxg4 21. Rxg4 Kf7
22. Ne5+ 1-0

[Event "Abu Dhabi Masters"]
[Site "Abu Dhabi UAE"]
[Date "2016.08.22"]
[EventDate "2016.08.21"]
[Round "2.1"]
[Result "1/2-1/2"]
[White "Srinath Narayanan"]
[Black "Dmitry Andreikin"]
[WhiteElo "2477"]
[BlackElo "2733"]
[PlyCount "214"]

1. e4 e6 2. d4 d5 3. Nd2 b6 4. e5 c5 5. c3 Qd7 6. a3 a5 7. f4
Ne7 8. Ndf3 a4 9. Bd3 Ba6 10. Bc2 Bc4 11. Ne2 Qb5 12. g4 h5
13. gxh5 Bxe2 14. Qxe2 Qxe2+ 15. Kxe2 Rxh5 16. Be3 Nd7
17. Rag1 g6 18. Rg5 Rh3 19. Rg3 Rh5 20. Rg5 Rxg5 21. Nxg5 cxd4
22. cxd4 b5 23. h4 Rc8 24. Bd3 Nf5 25. Bf2 Rb8 26. h5 gxh5
27. Bxf5 exf5 28. Rxh5 b4 29. Rh8 bxa3 30. bxa3 Rb2+ 31. Kf1
Ra2 32. Be1 Rxa3 33. Bb4 Rb3 34. Bxf8 Nxf8 35. Nh7 Ke7
36. Rxf8 Rh3 37. Rh8 a3 38. Kg2 a2 39. Ra8 Rxh7 40. Ra7+ Ke8
41. Rxa2 Rh4 42. Kg3 Rg4+ 43. Kf3 Rg1 44. Ra5 Re1 45. Rxd5 Re4
46. Rd6 Ke7 47. Kg3 Ke8 48. d5 Rd4 49. Ra6 Rxd5 50. Kh4 Kf8
51. Kg5 Ke7 52. Kxf5 Rd4 53. Kg5 Re4 54. Ra5 Kf8 55. f5 Kg7
56. f6+ Kh7 57. Kf5 Re1 58. Ra4 Kg8 59. Re4 Rf1+ 60. Rf4 Re1
61. Ra4 Rf1+ 62. Ke4 Re1+ 63. Kd5 Rd1+ 64. Rd4 Ra1 65. Rg4+
Kf8 66. Rc4 Rd1+ 67. Kc6 Re1 68. Rc5 Rd1 69. Kc7 Ra1 70. Rd5
Rc1+ 71. Kd8 Re1 72. Kd7 Ra1 73. Rd2 Re1 74. Rh2 Rd1+ 75. Kc6
Rc1+ 76. Kd5 Rd1+ 77. Ke4 Re1+ 78. Kd4 Rd1+ 79. Ke3 Kg8
80. Ke4 Re1+ 81. Kd5 Ra1 82. Rb2 Ra5+ 83. Ke4 Ra4+ 84. Kf5 Ra1
85. Rb8+ Kh7 86. Rb4 Kg8 87. Rb8+ Kh7 88. Rf8 Rf1+ 89. Kg4 Kg6
90. Rg8+ Kh6 91. Rh8+ Kg6 92. Rh3 Ra1 93. Rf3 Ra6 94. Rf1 Ra4+
95. Rf4 Ra6 96. Rd4 Ra1 97. Rf4 Re1 98. Ra4 Rxe5 99. Ra6 Re4+
100. Kf3 Rb4 101. Ke3 Kf5 102. Rc6 Rb3+ 103. Ke2 Ke5 104. Ra6
Rh3 105. Kf2 Rh6 106. Ke3 Rh3+ 107. Kf2 Rd3 1/2-1/2

[Event "Abu Dhabi Masters"]
[Site "Abu Dhabi UAE"]
[Date "2016.08.23"]
[EventDate "2016.08.21"]
[Round "3.10"]
[Result "1-0"]
[White "Dmitry Andreikin"]
[Black "Girish A Koushik"]
[WhiteElo "2733"]
[BlackElo "2399"]
[PlyCount "95"]

1. Nf3 Nf6 2. c4 c6 3. Nc3 d5 4. d4 e6 5. Bg5 Nbd7 6. cxd5
exd5 7. e3 Be7 8. Bd3 Nh5 9. Bxe7 Qxe7 10. O-O O-O 11. Qb1
Nhf6 12. b4 Re8 13. Rc1 Nf8 14. b5 c5 15. dxc5 Qxc5 16. h3 Qd6
17. a3 Be6 18. Qb4 Qd8 19. Ne2 N8d7 20. Ned4 Rc8 21. a4 Rxc1+
22. Rxc1 Qb8 23. a5 Rc8 24. Rxc8+ Qxc8 25. Nxe6 fxe6 26. Qe7
Qe8 27. Qd6 g6 28. a6 b6 29. Nd4 Nc5 30. Be2 Nfe4 31. Qc7 Qf7
32. Qxf7+ Kxf7 33. Nc6 Ke8 34. Nxa7 Kd7 35. Nc6 Kc7 36. Nd8
Kb8 37. f4 Nd6 38. g4 Nc8 39. Nc6+ Kc7 40. Nd4 Kd6 41. g5 Na7
42. h4 Ne4 43. Kg2 Kd7 44. Bg4 Nc5 45. h5 Kd6 46. hxg6 hxg6
47. Be2 Nd7 48. Nc6 1-0

[Event "Abu Dhabi Masters"]
[Site "Abu Dhabi UAE"]
[Date "2016.08.23"]
[EventDate "2016.08.21"]
[Round "4.3"]
[Result "1/2-1/2"]
[White "Peter Prohaszka"]
[Black "Dmitry Andreikin"]
[WhiteElo "2604"]
[BlackElo "2733"]
[PlyCount "117"]

1. d4 d5 2. c4 c6 3. cxd5 cxd5 4. Bf4 Nc6 5. e3 Nf6 6. Nc3 a6
7. Nf3 Bg4 8. h3 Bxf3 9. Qxf3 e6 10. Bd3 Bd6 11. Bg5 Be7
12. Bxf6 Bxf6 13. Rc1 O-O 14. O-O Rc8 15. Qd1 g6 16. f4 Be7
17. Na4 Nb4 18. Rxc8 Qxc8 19. Bb1 b5 20. Nc3 Nc6 21. a4 Na5
22. axb5 axb5 23. Nxb5 Nc4 24. Qe2 Qb7 25. Nc3 Qxb2 26. Qxb2
Nxb2 27. Nd1 Nc4 28. Rf2 Rb8 29. Ba2 Nd6 30. Rc2 Ra8 31. g4 h5
32. Kf1 hxg4 33. hxg4 Kg7 34. Nf2 Bh4 35. Nd1 Be7 36. Kg2 Ra3
37. Nc3 Bf6 38. Kf1 Ra8 39. Nd1 Ne4 40. Nf2 Nd6 41. Nd1 Bh4
42. g5 Ne4 43. Ke2 Ra3 44. Rb2 Ng3+ 45. Kd2 f6 46. gxf6+ Kxf6
47. Bb1 g5 48. fxg5+ Bxg5 49. Bd3 Nf5 50. Bxf5 Kxf5 51. Rb8 e5
52. dxe5 d4 53. Ke2 dxe3 54. e6 Kxe6 55. Re8+ Kf7 56. Re4 Ra2+
57. Kf3 e2 58. Rxe2 Rxe2 59. Kxe2 1/2-1/2

[Event "Abu Dhabi Masters"]
[Site "Abu Dhabi UAE"]
[Date "2016.08.24"]
[EventDate "2016.08.21"]
[Round "5.5"]
[Result "1-0"]
[White "Dmitry Andreikin"]
[Black "Ahmed Adly"]
[WhiteElo "2733"]
[BlackElo "2603"]
[PlyCount "89"]

1. e4 c5 2. Nf3 d6 3. d4 Nf6 4. Bb5+ Bd7 5. Bxd7+ Qxd7 6. dxc5
dxc5 7. Qe2 Qc6 8. Nc3 Nbd7 9. Bf4 a6 10. O-O-O e6 11. Rd2 Be7
12. Rhd1 O-O-O 13. Bd6 Bxd6 14. Rxd6 Qc7 15. e5 Ng4 16. Na4 b5
17. Nc3 Ndxe5 18. Rxa6 Qb7 19. Rxd8+ Rxd8 20. Ra5 Nxf3
21. Rxb5 Nd4 22. Rxc5+ Kb8 23. Qxg4 Qa6 24. Qf4+ Rd6 25. Rc4
g5 26. Qe5 Qxc4 27. Qxd6+ Kb7 28. Kd2 f5 29. Qd7+ Kb8 30. Qd8+
Kb7 31. Qxg5 Qc7 32. Qe3 Qd6 33. Kc1 e5 34. a4 Qa6 35. Qxe5
Qf1+ 36. Nd1 Qc4 37. Ne3 Qxa4 38. Kb1 Nc6 39. Qxf5 h5 40. Qxh5
Qb4 41. Qf7+ Ka8 42. Qa2+ Na5 43. Qa3 Qe1+ 44. Ka2 Kb7 45. Qc3
1-0

[Event "Abu Dhabi Masters"]
[Site "Abu Dhabi UAE"]
[Date "2016.08.25"]
[EventDate "2016.08.21"]
[Round "6.1"]
[Result "1/2-1/2"]
[White "Baskaran Adhiban"]
[Black "Dmitry Andreikin"]
[WhiteElo "2671"]
[BlackElo "2733"]
[PlyCount "71"]

1. d4 Nf6 2. c4 e6 3. Nf3 d5 4. Nc3 Be7 5. Bf4 O-O 6. e3 Nbd7
7. c5 Ne4 8. h4 c6 9. Nxe4 dxe4 10. Ne5 Nxe5 11. Bxe5 f6
12. Bg3 Kh8 13. Bc4 b5 14. Bb3 a5 15. f3 exf3 16. Qxf3 a4
17. Bc2 Qa5+ 18. Kf2 Qd2+ 19. Qe2 Qxe2+ 20. Kxe2 e5 21. Be4
Ra6 22. Bf3 Be6 23. Kf2 Rd8 24. Rhd1 Kg8 25. dxe5 Rxd1
26. Rxd1 Bxa2 27. Rd7 Bxc5 28. Rc7 b4 29. Rc8+ Bf8 30. exf6
Be6 31. Rb8 c5 32. Bb7 Rb6 33. Bc8 Rc6 34. Bb7 Rb6 35. Bc8 Rc6
36. Bb7 1/2-1/2

[Event "Abu Dhabi Masters"]
[Site "Abu Dhabi UAE"]
[Date "2016.08.27"]
[EventDate "2016.08.21"]
[Round "7.3"]
[Result "1-0"]
[White "Dmitry Andreikin"]
[Black "Alexander Zubov"]
[WhiteElo "2733"]
[BlackElo "2606"]
[PlyCount "77"]

1. e4 c5 2. Nf3 e6 3. d4 cxd4 4. Nxd4 a6 5. Nc3 Nc6 6. Bf4 d6
7. Nxc6 bxc6 8. Qd2 d5 9. O-O-O Nf6 10. g4 Bb4 11. Bg2 O-O
12. g5 Nd7 13. a3 Ba5 14. h4 Re8 15. Bg3 Bb7 16. h5 Bxc3
17. Qxc3 Qxg5+ 18. Kb1 Qf6 19. e5 Qd8 20. Bh4 Qc7 21. f4 Kh8
22. h6 g6 23. Bxd5 c5 24. Bxb7 Qxb7 25. f5 Rab8 26. Rhg1 Nb6
27. Bf6+ Kg8 28. fxg6 fxg6 29. Qd3 Nd5 30. b3 Nxf6 31. exf6
Qf7 32. Qxa6 e5 33. Rg3 e4 34. Re3 Ra8 35. Qc6 Rac8 36. Qd7
Ra8 37. a4 Ra6 38. Qb5 Rxf6 39. Rxe4 1-0

[Event "Abu Dhabi Masters"]
[Site "Abu Dhabi UAE"]
[Date "2016.08.28"]
[EventDate "2016.08.21"]
[Round "8.2"]
[Result "1-0"]
[White "Dmitry Andreikin"]
[Black "Anton Demchenko"]
[WhiteElo "2733"]
[BlackElo "2600"]
[PlyCount "65"]

1. e4 e5 2. Nf3 Nc6 3. Bb5 a6 4. Ba4 d6 5. c3 Bd7 6. d4 g6
7. Bg5 Be7 8. Be3 Nf6 9. d5 Nb8 10. Bc2 O-O 11. c4 a5 12. Nc3
Na6 13. h3 Qb8 14. Qd2 c6 15. O-O cxd5 16. cxd5 Rc8 17. Ng5
Nh5 18. Bd1 Ng7 19. f4 exf4 20. Bxf4 f6 21. Ne6 Nxe6 22. dxe6
Bxe6 23. Bg4 Bxg4 24. Nd5 Re8 25. hxg4 Nb4 26. Be3 Nc6
27. Nxf6+ Bxf6 28. Rxf6 Qc8 29. Qd5+ Kh8 30. Raf1 Qxg4
31. Qxd6 Kg8 32. Qd5+ Kh8 33. Rxc6 1-0

[Event "Abu Dhabi Masters"]
[Site "Abu Dhabi UAE"]
[Date "2016.08.29"]
[EventDate "2016.08.21"]
[Round "9.1"]
[Result "0-1"]
[White "Alexandr Predke"]
[Black "Dmitry Andreikin"]
[WhiteElo "2553"]
[BlackElo "2733"]
[PlyCount "124"]

1. e4 c5 2. Nf3 d6 3. d4 cxd4 4. Nxd4 Nf6 5. Nc3 a6 6. g3 g6
7. Bg2 Bg7 8. O-O O-O 9. h3 Nc6 10. Be3 Bd7 11. Nd5 Rc8
12. Nxc6 Bxc6 13. c3 Nd7 14. a4 a5 15. Bd4 Bxd4 16. Qxd4 e6
17. b4 Bxd5 18. exd5 e5 19. Qd3 Qb6 20. Rfb1 Rc7 21. Bf1 Ra8
22. bxa5 Qxa5 23. Rb5 Qa7 24. a5 Rc5 25. Rab1 Rxb5 26. Qxb5
Nc5 27. Qb6 Qxb6 28. Rxb6 Rd8 29. a6 bxa6 30. Bxa6 e4 31. Be2
Kg7 32. f4 exf3 33. Bxf3 f5 34. Rc6 Kf6 35. Kf2 h6 36. h4 g5
37. hxg5+ hxg5 38. Bg2 Ke5 39. Rc7 Ra8 40. Re7+ Kf6 41. Re2
Ra3 42. Re3 Ra2+ 43. Kf1 Rc2 44. g4 fxg4 45. Be4 Rd2 46. Ke1
Rh2 47. c4 Ke5 48. Bg2+ Kd4 49. Rg3 Nd3+ 50. Kf1 Nf4 51. c5
Kxc5 52. Be4 Nxd5 53. Bxd5 Kxd5 54. Rxg4 Rh5 55. Kf2 Ke5
56. Rg1 d5 57. Re1+ Kd4 58. Rd1+ Kc5 59. Kf3 Rh4 60. Rc1+ Rc4
61. Rg1 g4+ 62. Ke3 g3 0-1

[Event "European Rapid Championship"]
[Site "Tallinn EST"]
[Date "2016.12.15"]
[EventDate "2016.12.15"]
[Round "2.1"]
[Result "0-1"]
[White "Igor Shvyrjov"]
[Black "Dmitry Andreikin"]
[WhiteElo "2410"]
[BlackElo "2737"]
[PlyCount "106"]

1. d4 g6 2. Nf3 Bg7 3. c4 d6 4. Nc3 Bg4 5. e3 e5 6. Be2 exd4
7. Nxd4 Bxe2 8. Qxe2 Ne7 9. O-O Nbc6 10. Nxc6 Nxc6 11. Nd5 O-O
12. Bd2 Ne7 13. Bc3 Nxd5 14. Bxg7 Nf4 15. Qf3 Kxg7 16. Qxf4
Qd7 17. Rfd1 Qc6 18. Rd5 b6 19. h4 Rae8 20. h5 f6 21. Rad1 Re5
22. hxg6 hxg6 23. b3 Rh8 24. f3 Rhh5 25. Rxe5 Rxe5 26. Kf2 Qc5
27. Qd4 Qa3 28. Qd2 Ra5 29. Ra1 Rh5 30. Re1 a5 31. f4 Qc5
32. Qd3 a4 33. Re2 Rh4 34. Qe4 Kf7 35. Qa8 Rxf4+ 36. Ke1 Qb4+
37. Rd2 axb3 38. Qd5+ Kg7 39. axb3 Rf5 40. Qe6 Qxb3 41. Ke2
Qb1 42. Rd1 Qa2+ 43. Rd2 Qa8 44. Rd5 Qg8 45. Qe4 Re5 46. Rxe5
dxe5 47. Qc6 Qf7 48. Kf2 Qe7 49. g4 Qd6 50. Qe4 Kf7 51. g5 f5
52. Qh1 Qd2+ 53. Kf3 e4+ 0-1

[Event "European Rapid Championship"]
[Site "Tallinn EST"]
[Date "2016.12.15"]
[EventDate "2016.12.15"]
[Round "3.1"]
[Result "1-0"]
[White "Dmitry Andreikin"]
[Black "Ottomar Ladva"]
[WhiteElo "2737"]
[BlackElo "2510"]
[PlyCount "121"]

1. e4 c5 2. Nf3 e6 3. g3 Nc6 4. Bg2 Nf6 5. d3 Be7 6. O-O O-O
7. Re1 d6 8. c3 e5 9. h3 Re8 10. d4 cxd4 11. cxd4 exd4
12. Nxd4 Nxd4 13. Qxd4 Bd7 14. Nc3 Bc6 15. Bf4 Nh5 16. Bd2 Bf6
17. Qd3 Qb6 18. g4 Bxc3 19. Qxc3 Nf6 20. Be3 Qd8 21. Bd4 Rc8
22. Rac1 Bd7 23. Qd3 Rxc1 24. Rxc1 Bc6 25. f3 Nd7 26. Rd1 Qa5
27. Bc3 Qxa2 28. Qxd6 Qc4 29. Bf1 Qc5+ 30. Kg2 Qxd6 31. Rxd6
Nb6 32. Kg3 Na4 33. Bd4 Kf8 34. Bxa7 Nxb2 35. Bc5 Kg8 36. Bd4
Na4 37. Bc4 Rc8 38. e5 Be8 39. Bd5 Nc5 40. f4 Kf8 41. f5 b5
42. e6 fxe6 43. fxe6 Ke7 44. Rb6 g5 45. h4 gxh4+ 46. Kxh4 Na4
47. Rb7+ Kd6 48. Bb3 Nc5 49. Rb6+ Ke7 50. Ba2 h6 51. Be3 b4
52. Bxh6 b3 53. Bg5+ Kf8 54. Bb1 Rc6 55. e7+ Kf7 56. Rb8 Ne6
57. Rxe8 Nxg5 58. Rb8 Nf3+ 59. Kg3 Kxe7 60. Kxf3 Rc3+ 61. Kf4
1-0

[Event "European Rapid Championship"]
[Site "Tallinn EST"]
[Date "2016.12.15"]
[EventDate "2016.12.15"]
[Round "4.1"]
[Result "0-1"]
[White "Ognjen Cvitan"]
[Black "Dmitry Andreikin"]
[WhiteElo "2491"]
[BlackElo "2737"]
[PlyCount "96"]

1. d4 g6 2. c4 Bg7 3. e4 d6 4. Nc3 e5 5. Nf3 Bg4 6. dxe5 dxe5
7. Qxd8+ Kxd8 8. Be3 Nc6 9. O-O-O+ Kc8 10. Be2 h5 11. Ne1 Nf6
12. f3 Be6 13. Nc2 Bh6 14. Bxh6 Rxh6 15. h4 a5 16. b3 Nd7
17. Kb2 b6 18. Rd2 Rh8 19. Rhd1 Rd8 20. g3 Kb7 21. f4 Nf6
22. Rxd8 Rxd8 23. Rxd8 Nxd8 24. Bf3 Bg4 25. Bg2 c6 26. Ne1
exf4 27. gxf4 Ne6 28. Nd3 Nd7 29. a3 Ndc5 30. Nxc5+ bxc5
31. Na4 Nxf4 32. Nxc5+ Kb6 33. Na4+ Kc7 34. Bh1 Bh3 35. Nc3
Bg2 36. Ne2 Bxh1 37. Nxf4 Kd6 38. Kc3 c5 39. Kd3 Ke5 40. Ke3
Bxe4 41. Ne2 Bc2 42. Nc3 Bxb3 43. Ne4 Bxc4 44. Nxc5 f6
45. Nd7+ Kf5 46. Kf3 Be6 47. Nc5 Bd5+ 48. Kg3 Ke5 0-1

[Event "European Rapid Championship"]
[Site "Tallinn EST"]
[Date "2016.12.15"]
[EventDate "2016.12.15"]
[Round "5.1"]
[Result "1/2-1/2"]
[White "Dmitry Andreikin"]
[Black "David Anton Guijarro"]
[WhiteElo "2737"]
[BlackElo "2650"]
[PlyCount "86"]

1. e4 e5 2. Nf3 Nc6 3. Bb5 a6 4. Ba4 Nf6 5. O-O Be7 6. d3 b5
7. Bb3 d6 8. a3 O-O 9. Nc3 Na5 10. Ba2 Be6 11. b4 Nc6 12. Nd5
Nd4 13. Nxd4 exd4 14. Nxf6+ Bxf6 15. Bxe6 fxe6 16. a4 Qd7
17. Bd2 c5 18. axb5 axb5 19. f4 c4 20. Qf3 e5 21. fxe5 dxe5
22. Qd1 c3 23. Be1 Ra4 24. Rxa4 bxa4 25. Qa1 Ra8 26. Bg3 a3
27. Qa2+ Qf7 28. Qd5 Qxd5 29. exd5 a2 30. Ra1 Kf7 31. Kf2 Ra4
32. b5 Ke7 33. Kf3 Kd6 34. Ke4 Ra5 35. b6 Rxd5 36. Rxa2 Rb5
37. Ra6 Kc6 38. b7+ Kxb7 39. Rd6 Rb2 40. Bxe5 Bxe5 41. Kxe5
Rxc2 42. Kxd4 Rxg2 43. Kxc3 Rxh2 1/2-1/2

[Event "European Rapid Championship"]
[Site "Tallinn EST"]
[Date "2016.12.15"]
[EventDate "2016.12.15"]
[Round "6.3"]
[Result "0-1"]
[White "Miguel Munoz Pantoja"]
[Black "Dmitry Andreikin"]
[WhiteElo "2473"]
[BlackElo "2737"]
[PlyCount "84"]

1. e4 c5 2. g3 d5 3. exd5 Qxd5 4. Nf3 Bf5 5. Nc3 Qe6+ 6. Be2
Nc6 7. d4 Rd8 8. d5 Qc8 9. O-O Nf6 10. Bg5 a6 11. Nh4 Nd4
12. Nxf5 Qxf5 13. Bxf6 gxf6 14. Bd3 Qe5 15. Kg2 f5 16. Qh5 Bg7
17. Rae1 Qf6 18. Re3 Qh6 19. Qd1 Bf6 20. f4 O-O 21. a4 Kh8
22. a5 e5 23. dxe6 fxe6 24. Rfe1 e5 25. fxe5 Bg5 26. Rf3 Bd2
27. Ref1 c4 28. Bxc4 Nxf3 29. Qxf3 Bxc3 30. bxc3 Rd2+ 31. Be2
Re8 32. Rf2 Rxe5 33. Bd3 Rxf2+ 34. Qxf2 Qe3 35. Qf1 Rxa5
36. Bxf5 Qd2+ 37. Kh3 Qh6+ 38. Kg2 Qc6+ 39. Kh3 Qf6 40. g4 h5
41. Qf4 hxg4+ 42. Kxg4 Qxf5+ 0-1

[Event "European Rapid Championship"]
[Site "Tallinn EST"]
[Date "2016.12.16"]
[EventDate "2016.12.15"]
[Round "7.1"]
[Result "0-1"]
[White "Dmitry Andreikin"]
[Black "Alexey Shirov"]
[WhiteElo "2737"]
[BlackElo "2673"]
[PlyCount "98"]

1. d4 d5 2. c4 c6 3. Nf3 Nf6 4. e3 Bg4 5. h3 Bh5 6. Nc3 e6
7. g4 Bg6 8. Ne5 Nbd7 9. Nxg6 hxg6 10. Bd2 Be7 11. g5 Ne4
12. Nxe4 dxe4 13. Bg2 Bxg5 14. Bxe4 Qc7 15. Qc2 c5 16. h4 Rxh4
17. Rxh4 Bxh4 18. O-O-O O-O-O 19. Bc3 cxd4 20. Bxd4 Bf6
21. Kb1 Bxd4 22. exd4 Qf4 23. a3 Nc5 24. f3 f5 25. dxc5 Rxd1+
26. Qxd1 fxe4 27. fxe4 Qxe4+ 28. Ka1 Qxc4 29. Qd6 Qf1+ 30. Ka2
Qf5 31. Qe7 Qd5+ 32. Ka1 g5 33. Qf8+ Kd7 34. b4 Qe5+ 35. Ka2
g4 36. Qf7+ Kc6 37. Qe8+ Kd5 38. Qb5 Kd4 39. Kb2 Ke3+ 40. Kb3
Qd5+ 41. Ka4 g3 42. Qf1 Qd7+ 43. b5 Qd4+ 44. Ka5 Qc3+ 45. Ka4
Qc2+ 46. Ka5 g2 47. Qe1+ Kf3 48. a4 g1=Q 49. Qxg1 Qc3# 0-1

[Event "European Rapid Championship"]
[Site "Tallinn EST"]
[Date "2016.12.16"]
[EventDate "2016.12.15"]
[Round "8.9"]
[Result "1-0"]
[White "Kacper Piorun"]
[Black "Dmitry Andreikin"]
[WhiteElo "2657"]
[BlackElo "2737"]
[PlyCount "103"]

1. Nf3 d5 2. e3 Nf6 3. c4 c6 4. d4 Bf5 5. Nc3 a6 6. c5 Nbd7
7. Nh4 Be4 8. f3 Bg6 9. Qb3 Rb8 10. Nxg6 hxg6 11. Bd2 e6
12. Qc2 Be7 13. Bd3 Qc7 14. g3 O-O 15. Kf2 e5 16. h4 Nh5
17. Ne2 f5 18. dxe5 Nxe5 19. b4 b6 20. cxb6 Qxb6 21. Rab1 f4
22. Kg2 fxe3 23. Bc3 Nxf3 24. Bxg6 Nxh4+ 25. Rxh4 Rf2+ 26. Kh3
Bxh4 27. Bxh5 Bf6 28. Be1 Rf1 29. Kg2 Rxe1 30. Rxe1 Qxb4
31. Rh1 Qc4 32. Qf5 d4 33. Qh7+ Kf8 34. Nf4 Ke7 35. Qe4+ Kd6
36. Be2 Qxa2 37. Rc1 Rb6 38. Kh3 Qf7 39. Bf3 Qd7+ 40. Bg4 Qf7
41. Ne6 Be5 42. Nxd4 Qf6 43. Rxc6+ Rxc6 44. Qxc6+ Ke7 45. Qc5+
Kf7 46. Nf3 Qh6+ 47. Kg2 Bd6 48. Ng5+ Kf8 49. Qc8+ Ke7
50. Qd7+ Kf6 51. Qe6+ Kxg5 52. Qf5# 1-0